BIBLIOTECA

SENCICO

Luminotecnia : (Registro nro. 1314)

Detalles MARC
000 -LEADER
fixed length control field 01259nam a2200253Ia 4500
003 - CONTROL NUMBER IDENTIFIER
control field PE SENCICO BE
005 - DATE AND TIME OF LATEST TRANSACTION
control field 20251020182507.0
008 - FIXED-LENGTH DATA ELEMENTS--GENERAL INFORMATION
fixed length control field 200515s9999 xx 000 0 und d
020 ## - INTERNATIONAL STANDARD BOOK NUMBER
International Standard Book Number 84-329-6011-X
040 ## - CATALOGING SOURCE
Original cataloging agency PE SENCICO BE
Transcribing agency PE SENCICO BE
041 ## - LANGUAGE CODE
Language code of text/sound track or separate title spa
082 ## - DEWEY DECIMAL CLASSIFICATION NUMBER
Classification number 628.92/97
Item number R21
100 1# - MAIN ENTRY--PERSONAL NAME
Personal name Ramírez Vásquez, José
9 (RLIN) 109
245 #0 - TITLE STATEMENT
Title Luminotecnia :
Remainder of title Enciclopedia CEAC de Electricidad /
Statement of responsibility, etc. José Ramirez Vásquez ; colaboradores: Gaspar Ampudia Caballero, Lorenzo Beltrán Vidal, José Luis Borniquel Baqué ...[et al.]
250 ## - EDITION STATEMENT
Edition statement 4a ed.
260 ## - PUBLICATION, DISTRIBUTION, ETC.
Place of publication, distribution, etc. Barcelona:
Name of publisher, distributor, etc. ediciones CEAC S.A.,
Date of publication, distribution, etc. 1979
300 ## - PHYSICAL DESCRIPTION
Extent 630 p.:
Other physical details diagrs.;
Dimensions 24 cm.
490 ## - SERIES STATEMENT
Series statement Enciclopedia CEAC de electricidad
505 ## - FORMATTED CONTENTS NOTE
Formatted contents note Parte I. Fundamentos de luminotecnia.- Parte II. Lámparas eléctricas.- Parte III. Sistemas de iluminación.- Parte IV. Proyectos de iluminación.- Parte V. Iluminación de exteriores. Fotografía de proyectos de alumbrado.
520 ## - SUMMARY, ETC.
Summary, etc. Describe un estudio completo del funcionamiento y aplicaciones de la luminotecnia, sus leyes y magnitudes fundamentales así como sus fundamentos fisiológicos.
650 10 - SUBJECT ADDED ENTRY--TOPICAL TERM
Topical term or geographic name entry element Iluminación
9 (RLIN) 63
650 24 - SUBJECT ADDED ENTRY--TOPICAL TERM
Topical term or geographic name entry element LUMINOTECNIA
9 (RLIN) 110
942 ## - ADDED ENTRY ELEMENTS (KOHA)
Koha item type Libros
Source of classification or shelving scheme Dewey Decimal Classification
Classification part 628.92/97/
Item part R21
Existencias
Fecha de la última vez que lo usaron Número de ingreso o de inventario Pago total Signatura topográfica completa Código de barras Precio efectivo desde Tipo de documento Estado perdido Sistema de clasificación Estado dañado No es para préstamo Retirado Ubicación permanente Ubicación actual Fecha de adquisición
15/05/2020 2607   628.92/97/R21/ej. 3 Bib-Lima15051314 15/05/2020 Libros   Dewey Decimal Classification       Biblioteca Central Lima Biblioteca Central Lima 15/05/2020